[Event "Split op 8th"]
[Site "Split"]
[Date "2018.08.18"]
[Round "8"]
[White "Mencinger, Vojko"]
[Black "Glavicic, Tino"]
[Result "1-0"]
[WhiteElo "2339"]
[BlackElo "1977"]
[PlyCount "95"]
[EventDate "2018.08.12"]
[EventType "swiss"]
[EventRounds "9"]
[EventCountry "CRO"]
[SourceTitle "CBM 186 Extra"]
[Source "ChessBase"]
[SourceDate "2018.08.24"]
[SourceVersion "1"]
[SourceVersionDate "2018.08.24"]
[SourceQuality "1"]

1. e4 e5 2. Nf3 Nc6 3. Bc4 Bc5 4. 0-0 d6 5. c3 Qe7 6. b4 Bb6 7. a4 a6 8. d3 Nf6 9. Nbd2 0-0 10. Ba2 Bg4 11. h3 Bh5 12. Nc4 h6 13. g4 Bg6 14. Ne3 Kh7 15. Kh2 Rad8 16. Nd5 Nxd5 17. Bxd5 Rd7 18. h4 f6 19. h5 Bf7 20. Nh4 Qe8 21. a5 Ba7 22. Qf3 Bxd5 23. exd5 Ne7 24. Be3 Bxe3 25. fxe3 c6 26. e4 cxd5 27. exd5 Rc7 28. c4 Qd7 29. Ra2 Kg8 30. Qe4 Qe8 31. Kg3 f5 32. Nxf5 Nxf5+ 33. Rxf5 Rxf5 34. Qxf5 Rf7 35. Qe6 Qxe6 36. dxe6 Rf6 37. b5 Rxe6 38. bxa6 bxa6 39. Rb2 e4 40. d4 Rf6 41. Rf2 Re6 42. Kf4 Re8 43. Ke3 Rc8 44. Rc2 d5 45. c5 Rb8 46. Kf4 Rf8+ 47. Ke5 e3 48. Re2 1-0

[Event "Split op 8th"]
[Site "Split"]
[Date "2018.08.17"]
[Round "7"]
[White "Glavicic, Tino"]
[Black "Matosevic, Ivica"]
[Result "1-0"]
[WhiteElo "1977"]
[BlackElo "2069"]
[PlyCount "93"]
[EventDate "2018.08.12"]
[EventType "swiss"]
[EventRounds "9"]
[EventCountry "CRO"]
[SourceTitle "CBM 186 Extra"]
[Source "ChessBase"]
[SourceDate "2018.08.24"]
[SourceVersion "1"]
[SourceVersionDate "2018.08.24"]
[SourceQuality "1"]

1. d4 Nf6 2. c4 g6 3. Nc3 Bg7 4. e4 d6 5. Be2 0-0 6. Be3 e5 7. d5 a5 8. g4 Ne8 9. Qd2 Na6 10. 0-0-0 f5 11. gxf5 gxf5 12. Bh6 Bxh6 13. Qxh6 Qf6 14. Qe3 fxe4 15. Nxe4 Qf4 16. Nf3 Kh8 17. Rdg1 Ng7 18. Rg2 Bg4 19. Rhg1 Qxe3+ 20. fxe3 Bxf3 21. Bxf3 Rxf3 22. Rxg7 Raf8 23. Kd2 b6 24. a3 R3f7 25. Rxf7 Rxf7 26. Ke2 Nc5 27. Nxc5 bxc5 28. Rg2 Rf6 29. Rg1 Rh6 30. Rg2 Rh4 31. Kd3 h5 32. Kc3 Kh7 33. Kb3 Re4 34. Ka4 Rxe3 35. Kxa5 Rb3 36. Ka4 Rb8 37. b4 cxb4 38. axb4 Rg8 39. Re2 Kg6 40. Kb5 Kf5 41. Kc6 Rg7 42. c5 dxc5 43. bxc5 e4 44. d6 cxd6 45. cxd6 Kf4 46. Rf2+ Ke3 47. Rf5 1-0

[Event "Split op 8th"]
[Site "Split"]
[Date "2018.08.14"]
[Round "4"]
[White "Bodi, Tibor"]
[Black "Glavicic, Tino"]
[Result "1-0"]
[WhiteElo "2238"]
[BlackElo "1977"]
[PlyCount "69"]
[EventDate "2018.08.12"]
[EventType "swiss"]
[EventRounds "9"]
[EventCountry "CRO"]
[SourceTitle "CBM 186 Extra"]
[Source "ChessBase"]
[SourceDate "2018.08.24"]
[SourceVersion "1"]
[SourceVersionDate "2018.08.24"]
[SourceQuality "1"]

1. Nc3 Nf6 2. e4 d5 3. e5 d4 4. exf6 dxc3 5. fxe7 cxd2+ 6. Bxd2 Bxe7 7. Bd3 Bf6 8. Qh5 g6 9. Qc5 Qe7+ 10. Qxe7+ Bxe7 11. Bc3 0-0 12. 0-0-0 Nc6 13. Ne2 Bb4 14. Be4 Bxc3 15. Nxc3 Be6 16. Bxc6 bxc6 17. Ne4 a5 18. Nc5 Bd5 19. f3 Rfb8 20. b3 Rb5 21. Nd3 Be6 22. Nf4 a4 23. Nxe6 fxe6 24. Rhe1 axb3 25. axb3 Ra1+ 26. Kb2 Rxd1 27. Rxd1 Rd5 28. Rxd5 cxd5 29. Ka3 e5 30. Kb4 Kf7 31. Kc5 Ke6 32. b4 c6 33. c3 Kf5 34. b5 cxb5 35. Kxd5 1-0

[Event "Split op 6th"]
[Site "Split"]
[Date "2016.08.18"]
[Round "7"]
[White "Saric, Ante"]
[Black "Glavicic, Tino"]
[Result "1-0"]
[WhiteElo "2562"]
[BlackElo "2049"]
[PlyCount "25"]
[EventDate "2016.08.13"]
[EventType "swiss"]
[EventRounds "9"]
[EventCountry "CRO"]
[SourceTitle "CBM 173 Extra"]
[Source "ChessBase"]
[SourceDate "2016.08.29"]
[SourceVersion "1"]
[SourceVersionDate "2016.08.29"]
[SourceQuality "1"]

1. Nf3 Nc6 2. d4 d5 3. e3 a6 4. c4 Nf6 5. cxd5 Qxd5 6. Nc3 Qd6 7. Be2 Bf5 8. d5 Nb4 9. Nd4 Bg6 10. Qa4+ Nd7 11. e4 0-0-0 12. a3 e5 13. Nf3 1-0

[Event "Split op 6th"]
[Site "Split"]
[Date "2016.08.15"]
[Round "4"]
[White "Glavicic, Tino"]
[Black "Ostovic, Matija"]
[Result "0-1"]
[WhiteElo "2049"]
[BlackElo "2352"]
[PlyCount "74"]
[EventDate "2016.08.13"]
[EventType "swiss"]
[EventRounds "9"]
[EventCountry "CRO"]
[SourceTitle "CBM 173 Extra"]
[Source "ChessBase"]
[SourceDate "2016.08.29"]
[SourceVersion "1"]
[SourceVersionDate "2016.08.29"]
[SourceQuality "1"]

1. d4 Nf6 2. c4 g6 3. Nc3 d5 4. Nf3 Bg7 5. cxd5 Nxd5 6. Bd2 0-0 7. e4 Nb6 8. Be3 Bg4 9. Be2 Bxf3 10. Bxf3 Nc4 11. Qe2 Nxe3 12. fxe3 c5 13. e5 Nc6 14. Bxc6 bxc6 15. Rd1 Rb8 16. 0-0 cxd4 17. exd4 Rb4 18. Qf2 f6 19. d5 fxe5 20. dxc6 Rd4 21. Qe3 Qd6 22. Rxf8+ Bxf8 23. Qf3 e4 24. Rxd4 Qxd4+ 25. Qf2 e3 26. Qe2 e6 27. Kf1 Bc5 28. Qf3 Qd3+ 29. Qe2 Qd6 30. Qf3 Qxh2 31. Ne4 Qh1+ 32. Ke2 Qc1 33. c7 Qxb2+ 34. Kf1 Qc1+ 35. Ke2 Qc4+ 36. Kd1 Qd3+ 37. Ke1 Bb4+ 0-1

[Event "CRO-chT2S"]
[Site "Makarska"]
[Date "2013.10.05"]
[Round "5.4"]
[White "Saric, Kristina"]
[Black "Glavicic, Tino"]
[Result "1-0"]
[WhiteElo "2250"]
[BlackElo "2016"]
[PlyCount "63"]
[EventDate "2013.04.05"]
[EventType "team-tourn"]
[EventRounds "9"]
[EventCountry "CRO"]
[SourceTitle "EXT 2014"]
[Source "ChessBase"]
[SourceDate "2013.11.20"]
[SourceVersion "1"]
[SourceVersionDate "2013.11.20"]
[SourceQuality "1"]
[WhiteTeam "Split Mornar"]
[BlackTeam "Makarska"]
[WhiteTeamCountry "CRO"]
[BlackTeamCountry "CRO"]

1. e4 e5 2. Nf3 Nc6 3. Bb5 a6 4. Ba4 Nf6 5. 0-0 Be7 6. Re1 b5 7. Bb3 0-0 8. h3 Bb7 9. c3 d5 10. exd5 Nxd5 11. d3 Bf6 12. Be3 Na5 13. Bc2 Nxe3 14. Rxe3 e4 15. dxe4 Nc4 16. Re2 Nxb2 17. Qe1 Nd3 18. Qd2 Nb4 19. Bb3 Qxd2 20. Nbxd2 Bxc3 21. Rc1 Bxd2 22. Rxd2 Bxe4 23. Rxc7 Rac8 24. Bxf7+ Kh8 25. Rxc8 Rxc8 26. Ne5 Nc6 27. Be6 Re8 28. Nf7+ Kg8 29. Ng5+ Kf8 30. Bd7 Rd8 31. Nxe4 Ne5 32. Be6 1-0

[Event "CRO-chT2S"]
[Site "Makarska"]
[Date "2013.04.06"]
[Round "2.5"]
[White "Nakic, Zeljko"]
[Black "Glavicic, Tino"]
[Result "0-1"]
[WhiteElo "2077"]
[BlackElo "2016"]
[PlyCount "66"]
[EventDate "2013.04.05"]
[EventType "team-tourn"]
[EventRounds "9"]
[EventCountry "CRO"]
[SourceTitle "EXT 2014"]
[Source "ChessBase"]
[SourceDate "2013.11.20"]
[SourceVersion "1"]
[SourceVersionDate "2013.11.20"]
[SourceQuality "1"]
[WhiteTeam "Primosten"]
[BlackTeam "Makarska"]
[WhiteTeamCountry "CRO"]
[BlackTeamCountry "CRO"]

1. e4 e5 2. Nf3 Nc6 3. Bb5 a6 4. Ba4 Nf6 5. 0-0 Be7 6. Re1 b5 7. Bb3 0-0 8. c3 d5 9. exd5 Nxd5 10. Nxe5 Nxe5 11. Rxe5 c6 12. d4 Bd6 13. Re1 Qh4 14. g3 Qh3 15. Qf3 Bg4 16. Qg2 Qh5 17. Be3 Bf3 18. Qf1 f5 19. Nd2 f4 20. Nxf3 fxe3 21. Rxe3 Rxf3 22. Rxf3 Qxf3 23. c4 bxc4 24. Qxc4 Rc8 25. Qxa6 Rc7 26. Rc1 Rf7 27. Qf1 Kf8 28. Qg2 Qf5 29. Bc4 Rf6 30. Rf1 Bc7 31. b3 Nf4 32. Qh1 Nh3+ 33. Kg2 Qf3+ 0-1

[Event "Zadar op-B 18th"]
[Site "Zadar"]
[Date "2011.12.15"]
[Round "7"]
[White "Medancic, Rikard"]
[Black "Glavicic, Tino"]
[Result "1-0"]
[WhiteElo "2258"]
[BlackElo "1986"]
[PlyCount "126"]
[EventDate "2011.12.11"]
[EventType "swiss"]
[EventRounds "9"]
[EventCountry "CRO"]
[SourceTitle "CBM 145 Extra"]
[Source "ChessBase"]
[SourceDate "2012.01.03"]
[SourceVersion "1"]
[SourceVersionDate "2012.01.03"]
[SourceQuality "1"]

1. d4 Nf6 2. Bg5 d6 3. Bxf6 exf6 4. e3 Be7 5. Bd3 f5 6. Nd2 g6 7. c3 Nd7 8. Ne2 Nf6 9. Nf4 Bd7 10. Qb3 Rb8 11. 0-0 0-0 12. Rae1 Bc6 13. d5 Bd7 14. h3 c6 15. dxc6 bxc6 16. Qc2 d5 17. Nf3 Bd6 18. Rd1 Qc7 19. Ne2 Rfe8 20. c4 f4 21. Nxf4 Bxf4 22. exf4 Qxf4 23. Qd2 Qxd2 24. Rxd2 Ne4 25. Bxe4 Rxe4 26. cxd5 cxd5 27. Rc1 Rf4 28. Kh2 Rfb4 29. b3 Be6 30. Nd4 R4b6 31. Kg3 R8b7 32. Rc5 Kg7 33. Kf4 Kf6 34. h4 h6 35. Rdc2 g5+ 36. hxg5+ hxg5+ 37. Ke3 Ke5 38. Rc7 Rxc7 39. Rxc7 a6 40. Rc6 Rxc6 41. Nxc6+ Kd6 42. Nb4 a5 43. Nd3 f6 44. Kd4 Bf5 45. Nc5 Bc8 46. a3 Kc6 47. Nd3 Ba6 48. b4 a4 49. g3 Bc4 50. f4 gxf4 51. gxf4 Bb3 52. Nc5 Bd1 53. Kc3 Kb5 54. Nd7 f5 55. Ne5 Kb6 56. Kd4 Bb3 57. Ng6 Kc6 58. Ne7+ Kd6 59. Nxf5+ Ke6 60. Ne3 Kd6 61. f5 Ba2 62. b5 Bb1 63. f6 Be4 1-0

[Event "Zadar op-B 18th"]
[Site "Zadar"]
[Date "2011.12.11"]
[Round "1"]
[White "Glavicic, Tino"]
[Black "Kristovic, Marijan"]
[Result "1/2-1/2"]
[WhiteElo "1986"]
[BlackElo "2270"]
[PlyCount "120"]
[EventDate "2011.12.11"]
[EventType "swiss"]
[EventRounds "9"]
[EventCountry "CRO"]
[SourceTitle "CBM 145 Extra"]
[Source "ChessBase"]
[SourceDate "2012.01.03"]
[SourceVersion "1"]
[SourceVersionDate "2012.01.03"]
[SourceQuality "1"]

1. d4 Nf6 2. c4 e6 3. Nc3 d5 4. Bg5 Nbd7 5. e3 c6 6. Qc2 Qa5 7. Bxf6 Nxf6 8. Bd3 Bb4 9. cxd5 exd5 10. Nf3 0-0 11. 0-0 h6 12. a3 Bxc3 13. bxc3 Re8 14. c4 dxc4 15. Bxc4 Be6 16. Ne5 Bxc4 17. Qxc4 Qd5 18. Rfc1 Re7 19. Qxd5 Nxd5 20. Rab1 Nb6 21. Rb4 Rc8 22. Rc5 Rcc7 23. Kf1 f6 24. Ng6 Red7 25. Nf4 Kf7 26. Ra5 Nc8 27. Rc5 Nd6 28. Ke2 Ne4 29. Rc2 c5 30. dxc5 Rxc5 31. Rxc5 Nxc5 32. Rc4 b6 33. g4 Ne6 34. Nxe6 Kxe6 35. h4 Kd5 36. Kd3 Ke5+ 37. Ke2 Kd6 38. f4 g6 39. e4 g5 40. hxg5 hxg5 41. Rd4+ Ke7 42. Rxd7+ Kxd7 43. e5 fxe5 44. fxg5 b5 45. Ke3 a5 46. Ke4 Ke6 47. g6 a4 48. g7 Kf7 49. Kxe5 b4 50. Kd4 b3 51. Kc3 Kxg7 52. Kb2 Kg6 53. g5 Kxg5 54. Kc3 Kf4 55. Kb2 Ke3 56. Kc3 Ke2 57. Kb2 Kd2 58. Kb1 Kc3 59. Kc1 b2+ 60. Kb1 Kb3 1/2-1/2

[Event "Split op 1st"]
[Site "Split"]
[Date "2011.08.07"]
[Round "3"]
[White "Foglia, Maurizio"]
[Black "Glavicic, Tino"]
[Result "1/2-1/2"]
[WhiteElo "2213"]
[BlackElo "1973"]
[PlyCount "90"]
[EventDate "2011.08.05"]
[EventType "swiss"]
[EventRounds "9"]
[EventCountry "CRO"]
[SourceTitle "CBM 143 Extra"]
[Source "ChessBase"]
[SourceDate "2011.08.29"]
[SourceVersion "1"]
[SourceVersionDate "2011.08.29"]
[SourceQuality "1"]

1. d4 Nf6 2. Nf3 g6 3. Bf4 Bg7 4. e3 d6 5. h3 c6 6. Nbd2 Nbd7 7. Be2 Nd5 8. Bg3 0-0 9. c4 Nc7 10. 0-0 f5 11. Qb3 Kh8 12. Rac1 b6 13. Qa4 Bb7 14. b4 a5 15. b5 c5 16. d5 Nf6 17. Qc2 e5 18. dxe6 Nxe6 19. Rfd1 d5 20. cxd5 Nxd5 21. Be5 Qe7 22. Nc4 Rad8 23. Qb2 Bxe5 24. Nfxe5 Qg7 25. Bf3 f4 26. e4 Nf6 27. Nxb6 Rxd1+ 28. Rxd1 Nd4 29. Qa3 Qc7 30. Nbc4 Nxb5 31. Qxa5 Qxa5 32. Nxa5 Bxe4 33. Bxe4 Nxe4 34. Rd7 Ra8 35. Nec6 Nd4 36. Nxd4 cxd4 37. Rxd4 Rxa5 38. Rxe4 Rxa2 39. Rxf4 Kg7 40. h4 h5 41. Rb4 Ra6 42. Rb5 Kf6 43. f3 Rc6 44. g4 hxg4 45. fxg4 Rc4 1/2-1/2